<?xml version="1.0" encoding="UTF-8"?>
<record
    xmlns:xsi="http://www.w3.org/2001/XMLSchema-instance"
    xsi:schemaLocation="http://www.loc.gov/MARC21/slim http://www.loc.gov/standards/marcxml/schema/MARC21slim.xsd"
    xmlns="http://www.loc.gov/MARC21/slim">

  <leader>01265nam2a22002651  4500</leader>
  <controlfield tag="001">v19\rc\1610520</controlfield>
  <controlfield tag="005">20250618223927.0</controlfield>
  <datafield tag="035" ind1=" " ind2=" ">
    <subfield code="a">(NLR Aleph) 004731028</subfield>
  </datafield>
  <datafield tag="090" ind1=" " ind2=" ">
    <subfield code="a">4444548</subfield>
    <subfield code="c">4444548</subfield>
  </datafield>
  <datafield tag="100" ind1=" " ind2=" ">
    <subfield code="a">20061002d1910    |||y0rusy50      ca</subfield>
  </datafield>
  <datafield tag="101" ind1="0" ind2=" ">
    <subfield code="a">rus</subfield>
  </datafield>
  <datafield tag="102" ind1=" " ind2=" ">
    <subfield code="a">RU</subfield>
  </datafield>
  <datafield tag="105" ind1=" " ind2=" ">
    <subfield code="a">a   z   |||||</subfield>
  </datafield>
  <datafield tag="200" ind1="0" ind2=" ">
    <subfield code="a">... &#x437;&#x430; 1909 &#x433;&#x43E;&#x434;</subfield>
  </datafield>
  <datafield tag="210" ind1=" " ind2=" ">
    <subfield code="a">&#x41A;&#x438;&#x448;&#x438;&#x43D;&#x435;&#x432;</subfield>
    <subfield code="d">1910</subfield>
  </datafield>
  <datafield tag="215" ind1=" " ind2=" ">
    <subfield code="a">[2], II, IV, 80 &#x441;., 5 &#x43B;. &#x442;&#x430;&#x431;&#x43B;.</subfield>
  </datafield>
  <datafield tag="461" ind1=" " ind2="0">
    <subfield code="1">001v19\rc\1610518</subfield>
    <subfield code="1">2001#$a&#x41E;&#x442;&#x447;&#x435;&#x442; &#x412;&#x438;&#x43D;&#x43E;&#x434;&#x435;&#x43B;&#x44C;&#x447;&#x435;&#x441;&#x43A;&#x43E;&#x439; &#x43E;&#x43F;&#x44B;&#x442;&#x43D;&#x43E;&#x439; &#x441;&#x442;&#x430;&#x43D;&#x446;&#x438;&#x438; &#x43F;&#x440;&#x438; &#x411;&#x435;&#x441;&#x441;&#x430;&#x440;&#x430;&#x431;&#x441;&#x43A;&#x43E;&#x43C; &#x443;&#x447;&#x438;&#x43B;&#x438;&#x449;&#x435; &#x432;&#x438;&#x43D;&#x43E;&#x434;&#x435;&#x43B;&#x438;&#x44F;...$f&#x413;.&#x423;.&#x417;. &#x438; &#x417;. &#x414;&#x435;&#x43F;. &#x437;&#x435;&#x43C;.$v... &#x437;&#x430; 1909 &#x433;&#x43E;&#x434;</subfield>
    <subfield code="9">4444538</subfield>
    <subfield code="a">&#x411;&#x435;&#x441;&#x441;&#x430;&#x440;&#x430;&#x431;&#x441;&#x43A;&#x43E;&#x435; &#x443;&#x447;&#x438;&#x43B;&#x438;&#x449;&#x435; &#x432;&#x438;&#x43D;&#x43E;&#x434;&#x435;&#x43B;&#x438;&#x44F; (&#x41A;&#x438;&#x448;&#x438;&#x43D;&#x435;&#x432;). &#x412;&#x438;&#x43D;&#x43E;&#x434;&#x435;&#x43B;&#x44C;&#x447;&#x435;&#x441;&#x43A;&#x430;&#x44F; &#x43E;&#x43F;&#x44B;&#x442;&#x43D;&#x430;&#x44F; &#x441;&#x442;&#x430;&#x43D;&#x446;&#x438;&#x44F;</subfield>
    <subfield code="c">&#x421;&#x430;&#x43D;&#x43A;&#x442;-&#x41F;&#x435;&#x442;&#x435;&#x440;&#x431;&#x443;&#x440;&#x433;</subfield>
    <subfield code="d">1897-1910</subfield>
    <subfield code="f">&#x413;.&#x423;.&#x417;. &#x438; &#x417;. &#x414;&#x435;&#x43F;. &#x437;&#x435;&#x43C;.</subfield>
    <subfield code="t">&#x41E;&#x442;&#x447;&#x435;&#x442; &#x412;&#x438;&#x43D;&#x43E;&#x434;&#x435;&#x43B;&#x44C;&#x447;&#x435;&#x441;&#x43A;&#x43E;&#x439; &#x43E;&#x43F;&#x44B;&#x442;&#x43D;&#x43E;&#x439; &#x441;&#x442;&#x430;&#x43D;&#x446;&#x438;&#x438; &#x43F;&#x440;&#x438; &#x411;&#x435;&#x441;&#x441;&#x430;&#x440;&#x430;&#x431;&#x441;&#x43A;&#x43E;&#x43C; &#x443;&#x447;&#x438;&#x43B;&#x438;&#x449;&#x435; &#x432;&#x438;&#x43D;&#x43E;&#x434;&#x435;&#x43B;&#x438;&#x44F;...</subfield>
    <subfield code="v">... &#x437;&#x430; 1909 &#x433;&#x43E;&#x434;</subfield>
  </datafield>
  <datafield tag="801" ind1=" " ind2="0">
    <subfield code="a">RU</subfield>
    <subfield code="b">NLR</subfield>
    <subfield code="g">psbo</subfield>
  </datafield>
  <datafield tag="801" ind1=" " ind2="0">
    <subfield code="a">RU</subfield>
    <subfield code="b">RuMoRGB</subfield>
    <subfield code="2">psbo</subfield>
  </datafield>
  <datafield tag="801" ind1=" " ind2="1">
    <subfield code="a">RU</subfield>
    <subfield code="b">ProSoft-M</subfield>
    <subfield code="2">rusmarc</subfield>
  </datafield>
  <datafield tag="852" ind1=" " ind2=" ">
    <subfield code="a">NLR</subfield>
    <subfield code="j">17.158.6.178</subfield>
  </datafield>
  <datafield tag="899" ind1=" " ind2=" ">
    <subfield code="a">RuMoRGB</subfield>
    <subfield code="j">F 195/32</subfield>
  </datafield>
  <datafield tag="899" ind1=" " ind2=" ">
    <subfield code="a">&#x41D;&#x411; &#x41C;&#x413;&#x423;</subfield>
  </datafield>
  <datafield tag="942" ind1=" " ind2=" ">
    <subfield code="c">BOOK</subfield>
  </datafield>
  <datafield tag="980" ind1=" " ind2=" ">
    <subfield code="a">NB</subfield>
  </datafield>
  <datafield tag="995" ind1=" " ind2=" ">
    <subfield code="5">2013-10-26</subfield>
    <subfield code="b">NLR02</subfield>
    <subfield code="c">NLR02</subfield>
    <subfield code="e">RFS</subfield>
    <subfield code="f">4731028-10</subfield>
    <subfield code="k">17.158.6.178</subfield>
    <subfield code="o">0</subfield>
    <subfield code="r">BOOK</subfield>
    <subfield code="s">171586178_</subfield>
  </datafield>
  <datafield tag="995" ind1=" " ind2=" ">
    <subfield code="5">2013-10-26</subfield>
    <subfield code="b">NLR01</subfield>
    <subfield code="c">NLR01</subfield>
    <subfield code="e">TEMP</subfield>
    <subfield code="f">4731028-30</subfield>
    <subfield code="o">0</subfield>
    <subfield code="r">BOOK</subfield>
  </datafield>
</record>
